000 00988nam a22002177a 4500
005 20250909133433.0
008 240816b ||||| |||| 00| 0 eng d
082 _aDPer 155.205 J826 July-September 2020 v. 119 n. 1-3
100 _aO'Connor, Kieran.
_eauthor.
_958044
245 _aMoral cleansing as hypocrisy :
_bwhen private acts of charity make you feel better that you deserve /
_cKieran O'Connor, Brian J. Lucas, and Daniel A. Effron.
260 _aWashington ;
_bAmerican Psychological Association ,
_cSeptember 2020.
300 _aVolume 119, pages 540-559 :
_billustration ;
_c27 cm.
500 _aJournal of Personality and Social Psychology , vol. 119, no. 3, pages 540-559, September 2020.
650 _aSocial Psychology.
_960957
650 _aGuilt.
_960958
650 _aAttitude (Psychology).
_960959
700 _aO'Connor, Kieran.
_eauthor.
_958044
700 _aLucas, Brian J.
_eauthor.
_958045
700 _aEffron, Daniel A.
_eauthor.
_958046
942 _2ddc
_cPER
999 _c20548
_d20548